00736nam a22001817a 4500003000900000008004100009040007100050082001700121100003100138110000800169245006500177260004400242300003000286505016900316650002800485650001300513650002800526AR-CdUCM190313b ||||| |||| 00| 0 spa d aMUNICIPALIDAD PROVINCIAL DEL CUSCOcBIBLIOTECA MUNICIPAL DEL CUSCO a979.5 /bA19 aRodriguez Morales, Luis M. aR74 aConsideraciones en torno a la edicion de Actas Capitulares / aTrujillo :bImprenta Venezuela ,c1952. a261 páginas ;c23.5 cm. aContenido : Objetivos -- El lenguaje -- Modernizacion -- Abreviaturas -- Palabras Unidas o quebradas -- Mayúsculas y Minúsculas -- Transcripción Múltiple... aHistoria de Puerto Rico aCabildos aPuerto Rico 1761 - 1767